1519 1863 1422 1506 1142 1395 1600 1497 1132 1310 1023 1291 1958 1674 1455 1999 1247 1069 1867 1592 1552 1416 1172 1054 1132 1088 1131 1073 1429 1965 1726 1859 1823 1644 1503 1699 1222 1205 1027 1700 1625 1316 1167 1846 1137 1480 1773 1837 1267 1286 1716 1825 1099 1333 1290 1287 1822 1672 1993 1585 1328 1994 1404 1697 1311 1442 1968 1966 1296 1194 1332 1502 1084 1142 1691 1207 1793 1119 1032 1869 1799 1371 1577 1833 1636 1460 1509 1121 1135 1671 1992 1845 1079 1981 1781 1456 1159 1345 1163 BCNSPRNW ULIB Ver.6.0+V

เปลี่ยนเป็นภาษาไทย

Change to English
 แสดงรายละเอียดบรรณานุกรม
  กลับหน้าหลัก

Brief Record : Get Marc (ISO 2709) : E-mail record : QR code < ปิดหน้าต่าง
LEADER : 00000nam 2200000uu 4500
001    13399128354
003     ULIB
008    230620s2565||||th 000 0 tha d
020    ^a9786165901192
060  4 ^aWY152^bจ483ผ
100 0  ^aจินตนา สุวิทวัส
245 10 ^aผู้สูงอายุ :^bโภชนาการและการพยาบาล /^cจินตนา สุวิทวัส
250    ^aพิมพ์ครั้งที่ 1
260    ^aขอนแก่น :^bเพ็ญพริ้นติ้ง,^c2565
300    ^a121 หน้า :^bภาพประกอบ
500    ^aบรรณานุกรม : จินตนา สุวิทวัส. (2565). ผู้สูงอายุ : โภชนาการและการพยาบาล. ขอนแก่น : เพ็ญพริ้นติ้ง.
505 0  ^a^tบทที่ 1 ประชากรผู้สูงอายุและภาวะโภชนาการในผู้สูงอายุ --^tบทที่ 2 การเปลี่ยนแปลงทางร่างกาย จิตใจ อารมณ์และสังคมในผู้สูงอายุ --^tบทที่ 3 การประเมินภาวะโภชนาการผู้สูงอายุ --^tบทที่ 4 ความต้องการพลังงาน สารอาหาร เส้นใยอาหารและน้ำในผู้สูงอายุ --^tบทที่ 5 การบริโภคอาหารในผู้สูงอายุ --^tบทที่ 6 การใช้กระบวนการพยาบาลในการพยาบาลด้านโภชนาการสำหรับผู้สูงอายุุ
650  7 ^aการพยาบาลผู้สูงอายุ
650  7 ^aโภชนาการ
650  7 ^aผู้สูงอายุ^xโภชนาการ
856    ^a^zผู้สูงอายุ โภชนาการและการพยาบาล (10053509).pdf (สารบัญหนังสือ)^uhttp://61.19.69.198/ULIB//_fulltext/Content ::/13399138214/20220922084752_2303.pdf
945    ^p250^l0^i009751
945    ^p250^l0^i009752
945    ^p250^l0^i009753
945    ^p250^l0^i009754
945    ^p250^l0^i009755
945    ^p250^l0^i009756
945    ^p250^l0^i009757
945    ^p250^l0^i009758
945    ^p250^l0^i009759
945    ^p250^l0^i009760
999    ^aประนอม เกษจรัล
รายการนี้ยังไม่มีแท็ก
คุณยังไม่ได้ล็อกอิน คุณสามารถมีกิจกรรมร่วมกับเว็บไซต์ได้ แต่ต้องล็อกอินก่อน ::
  ล็อกอิน

รายการสื่อสารสนเทศ

ลำดับที่ ประเภท เลขเรียก/บาร์โค้ด สถานที่ สถานะ
1. Book การพยาบาล
หนังสือสำรอง
สถานะ=หนังสือสำรอง
WY152 จ483ผ ฉ.1 
  Barcode: 009751
ห้องสมุดวิทยาเขตสวรรค์ประชารักษ์
►หนังสือทั่วไป
บนชั้น
2. Book การพยาบาล
Book การพยาบาล
WY152 จ483ผ ฉ.10 
  Barcode: 009760
ห้องสมุดวิทยาเขตสวรรค์ประชารักษ์
►หนังสือทั่วไป
บนชั้น
3. Book การพยาบาล
Book การพยาบาล
WY152 จ483ผ ฉ.2 
  Barcode: 009752
ห้องสมุดวิทยาเขตสวรรค์ประชารักษ์
►หนังสือทั่วไป
บนชั้น
4. Book การพยาบาล
Book การพยาบาล
WY152 จ483ผ ฉ.3 
  Barcode: 009753
ห้องสมุดวิทยาเขตสวรรค์ประชารักษ์
►หนังสือทั่วไป
บนชั้น
5. Book การพยาบาล
Book การพยาบาล
WY152 จ483ผ ฉ.4 
  Barcode: 009754
ห้องสมุดวิทยาเขตสวรรค์ประชารักษ์
►หนังสือทั่วไป
บนชั้น
6. Book การพยาบาล
Book การพยาบาล
WY152 จ483ผ ฉ.5 
  Barcode: 009755
ห้องสมุดวิทยาเขตสวรรค์ประชารักษ์
►หนังสือทั่วไป
บนชั้น
7. Book การพยาบาล
Book การพยาบาล
WY152 จ483ผ ฉ.6 
  Barcode: 009756
ห้องสมุดวิทยาเขตสวรรค์ประชารักษ์
►หนังสือทั่วไป
บนชั้น
8. Book การพยาบาล
Book การพยาบาล
WY152 จ483ผ ฉ.7 
  Barcode: 009757
ห้องสมุดวิทยาเขตสวรรค์ประชารักษ์
►หนังสือทั่วไป
บนชั้น
9. Book การพยาบาล
Book การพยาบาล
WY152 จ483ผ ฉ.8 
  Barcode: 009758
ห้องสมุดวิทยาเขตสวรรค์ประชารักษ์
►หนังสือทั่วไป
บนชั้น
10. Book การพยาบาล
Book การพยาบาล
WY152 จ483ผ ฉ.9 
  Barcode: 009759
ห้องสมุดวิทยาเขตสวรรค์ประชารักษ์
►หนังสือทั่วไป
บนชั้น

รายการใกล้เคียง
    ผู้แต่ง [จินตนา สุวิทวัส]

    หัวเรื่อง [การพยาบาลผู้สูงอายุ]
    หัวเรื่อง [โภชนาการ]

BibComment


ยังไม่เคยถูกคอมเมนท์

คอมเมนท์ทรัพยากรรายการนี้
  คอมเมนท์: ผู้สูงอายุ โภชน..


 Copyright 2026. Bcnsprnw @Library